000 00379nam a22001457a 4500
020 _qHB.
040 _cFizza Ishaq
082 _a621.367
_bREM
100 _aCresson, Remi.
_9111773
245 _aDeep Learning For Remote Sensing Images With Open Source Software /
_cRemi Cresson.
250 _a1st ed.
260 _bCRC Press,
_c2020.
300 _a151 p. ;
942 _2ddc
_cBK
999 _c594449
_d594449